=LDR 00000nam 2200000 4500 =001 INLIS000000000021787 =005 20130612120618 =008 ***********************************ind** =035 ##$$0010-061300000021787 =041 ##$$a ind =082 ##$$a 373..1 =090 ##$$a 373.1, Per p =245 ##$$a Persiapan Ebtanas, dan ujian masuk perguruan tinggi, Pembahasan UMPTN '97-'98 IPS, Tim Penyusun =260 ##$$a 1999 $b [s.l] =300 ##$$a 44 hlm., illus, 21 cm =850 ##$$a NBPNMAT